Marketingová komunikácia (vybrané časti)

Gespeichert in:
Bibliographische Detailangaben
1. Verfasser: Labská, Helena
Körperschaft: Ekonomická univerzita v Bratislave. Obchodná fakulta
Weitere Verfasser: Tajtáková, Mária, Loydlová, Miroslava, Lieskovská, Vanda, 1961-
Format: Buch
Sprache:Slowakisch
Veröffentlicht: Bratislava Vydavateľstvo EKONÓM 2006
Schlagworte:
Tags: Tag hinzufügen
Keine Tags, Fügen Sie das erste Tag hinzu!

MARC

LEADER 00000nam$a2200000$$$4500
001 0054748
005 20240502071629.2
020 |a 80-225-2267-8 
041 0 |a slo 
044 |a SK 
245 1 0 |a Marketingová komunikácia  |b (vybrané časti)  |c Helena Labská a kolektív 
264 1 |a Bratislava  |b Vydavateľstvo EKONÓM  |c 2006 
300 |a 220 s. 
610 2 0 |a komunikácia marketingová 
610 2 0 |a reklama 
610 2 0 |a predaj 
610 2 0 |a marketing priamy 
610 2 0 |a mix komunikačný 
100 1 |a Labská, Helena 
700 1 |a Tajtáková, Mária 
700 1 |a Loydlová, Miroslava 
700 1 |a Lieskovská, Vanda, 1961- 
710 2 |a Ekonomická univerzita v Bratislave. Obchodná fakulta